<?xml version="1.0" encoding="UTF-8"?>
<record
    xmlns:xsi="http://www.w3.org/2001/XMLSchema-instance"
    xsi:schemaLocation="http://www.loc.gov/MARC21/slim http://www.loc.gov/standards/marcxml/schema/MARC21slim.xsd"
    xmlns="http://www.loc.gov/MARC21/slim">

  <leader>03098    a2200253   4500</leader>
  <controlfield tag="001">43333</controlfield>
  <controlfield tag="005">20260407155717.0</controlfield>
  <controlfield tag="008">260407a2017    arg                 spa d</controlfield>
  <controlfield tag="003">AR-UNSa-BCEJYS</controlfield>
  <datafield tag="040" ind1=" " ind2=" ">
    <subfield code="a">AR-UNSa-BCEJYS</subfield>
    <subfield code="b">spa</subfield>
    <subfield code="c">AR-UNSa-BCEJYS</subfield>
  </datafield>
  <datafield tag="080" ind1=" " ind2=" ">
    <subfield code="a">342.9</subfield>
    <subfield code="x">Derecho Administrativo</subfield>
  </datafield>
  <datafield tag="245" ind1="1" ind2="0">
    <subfield code="a">Derecho administrativo</subfield>
  </datafield>
  <datafield tag="020" ind1=" " ind2=" ">
    <subfield code="a">978-987-03-3200-8</subfield>
  </datafield>
  <datafield tag="250" ind1=" " ind2=" ">
    <subfield code="a">7a. ed.</subfield>
  </datafield>
  <datafield tag="264" ind1=" " ind2="1">
    <subfield code="a">Buenos Aires :</subfield>
    <subfield code="b">La Ley</subfield>
    <subfield code="c">2017</subfield>
  </datafield>
  <datafield tag="300" ind1=" " ind2=" ">
    <subfield code="a">5 v.</subfield>
    <subfield code="c">25 cm.</subfield>
  </datafield>
  <datafield tag="505" ind1=" " ind2=" ">
    <subfield code="a">Vol. I: Libro Primero: Principios generales: 1. El derecho administrativo - Libro Segundo: El Estado y sus funciones: 1. Nociones generales - 2. Organizaci&#xF3;n administrativa - 3. Administraci&#xF3;n nacional - 4. Administraci&#xF3;n provincial - 5. Administraci&#xF3;n comunal. Facultades de las comunas - 6. R&#xE9;gimen jur&#xED;dico y legal del presupuesto -- Vol. II: Libro Tercero: Actos administrativos: 1. Nociones preliminares - 2. R&#xE9;gimen jur&#xED;dico del acto administrativo - 3. Clasificaci&#xF3;n de los actos administrativo - 4. Principales contratos de derecho p&#xFA;blico - 5. Contratos singulares - 6. Cuasicontratos administrativos y enriquecimiento sin causa - 7. Administraci&#xF3;n interna -- Vol. III: Libro Cuarto: Los agentes de la administraci&#xF3;n p&#xFA;blica. Funcionarios y empleados: 1. R&#xE9;gimen jur&#xED;dico de la funci&#xF3;n p&#xFA;blica - 2. Derechos de los funcionarios - 3. Deberes y responsabilidades de los agentes p&#xFA;blicos - Libro quinto: Dominio p&#xFA;blico y dominio privado del Estado: Dominio p&#xFA;blico y dominio privado del Estado - Libro sexto: El poder de polic&#xED;a: Protecci&#xF3;n y limitaciones de la libertad personal en la esfera administrativa -- Vol. IV: Libro S&#xE9;ptimo: Limitaciones a la propiedad privada regidas por el derecho administrativo: 1. Restricciones - 2. Servidumbres administrativas - 3. Ocupaci&#xF3;n tempor&#xE1;nea - 4. Expropiaci&#xF3;n por causa de utilidad p&#xFA;blica - Libro Octavo: Servicios p&#xFA;blicos - Libro Noveno: Responsabilidad civil de la administraci&#xF3;n p&#xFA;blica: 1. Idea general de la cuesti&#xF3;n - 2. Doctrina sobre la responsabilidad del Estado - 3. Responsabilidad del Estado en el derecho p&#xFA;blico interno - Libro D&#xE9;cimo: Procedimiento y recursos administrativos -- Vol. V: Libro D&#xE9;cimo Primero: La jurisdicci&#xF3;n en la administraci&#xF3;n p&#xFA;blica: 1. Principios generales - 2. Las atribuciones de la administraci&#xF3;n p&#xFA;blica y la revisi&#xF3;n judicial - 3. La aplicaci&#xF3;n del derecho por el juez - 4. Las partes en el proceso contencioso-administrativo - 5. Lo contencioso-administrativo en el orden nacional - 6. El alcance de la revisi&#xF3;n judicial - 7. La pretensi&#xF3;n procesal - Libro D&#xE9;cimo Segundo: Los juicios en materia contenciosa-administrativa - 1. Las reglas del proceso - 2. Los medios procesales para accionar - 3. La oportunidad para deducir la acci&#xF3;n - 4. Desarrollo del proceso - 5. Las medidas cautelares - 6. La conclusi&#xF3;n de los juicios </subfield>
  </datafield>
  <datafield tag="041" ind1=" " ind2=" ">
    <subfield code="a">spa</subfield>
  </datafield>
  <datafield tag="942" ind1=" " ind2=" ">
    <subfield code="c">BK</subfield>
  </datafield>
  <datafield tag="590" ind1=" " ind2=" ">
    <subfield code="a">niveau_biblio:m niveau_hierar:0</subfield>
  </datafield>
  <datafield tag="100" ind1="1" ind2=" ">
    <subfield code="a">Luqui, Roberto Enrique</subfield>
  </datafield>
  <datafield tag="700" ind1="1" ind2=" ">
    <subfield code="a">Bielsa, Rafael</subfield>
  </datafield>
  <datafield tag="856" ind1="4" ind2="1">
    <subfield code="u">https://biblioeco.unsa.edu.ar/pmb/images/libros/L126643.jpg</subfield>
    <subfield code="y">Imagen de portada</subfield>
    <subfield code="q">image/jpeg</subfield>
  </datafield>
  <datafield tag="999" ind1=" " ind2=" ">
    <subfield code="c">3685</subfield>
    <subfield code="d">3685</subfield>
  </datafield>
  <datafield tag="952" ind1=" " ind2=" ">
    <subfield code="0">0</subfield>
    <subfield code="1">0</subfield>
    <subfield code="4">0</subfield>
    <subfield code="7">0</subfield>
    <subfield code="a">BCEJYS</subfield>
    <subfield code="b">BCEJYS</subfield>
    <subfield code="c">16</subfield>
    <subfield code="d">2026-04-07</subfield>
    <subfield code="l">0</subfield>
    <subfield code="o">342.9 B587 v.1 7ed.</subfield>
    <subfield code="p">L126643</subfield>
    <subfield code="r">2026-04-07 15:57:17</subfield>
    <subfield code="w">2026-04-07</subfield>
    <subfield code="y">L</subfield>
  </datafield>
  <datafield tag="952" ind1=" " ind2=" ">
    <subfield code="0">0</subfield>
    <subfield code="1">0</subfield>
    <subfield code="4">0</subfield>
    <subfield code="7">0</subfield>
    <subfield code="a">BCEJYS</subfield>
    <subfield code="b">BCEJYS</subfield>
    <subfield code="c">16</subfield>
    <subfield code="d">2026-04-07</subfield>
    <subfield code="l">0</subfield>
    <subfield code="o">342.9 B587 v.2 7ed.</subfield>
    <subfield code="p">L126644</subfield>
    <subfield code="r">2026-04-07 15:57:17</subfield>
    <subfield code="w">2026-04-07</subfield>
    <subfield code="y">L</subfield>
  </datafield>
  <datafield tag="952" ind1=" " ind2=" ">
    <subfield code="0">0</subfield>
    <subfield code="1">0</subfield>
    <subfield code="4">0</subfield>
    <subfield code="7">0</subfield>
    <subfield code="a">BCEJYS</subfield>
    <subfield code="b">BCEJYS</subfield>
    <subfield code="c">16</subfield>
    <subfield code="d">2026-04-07</subfield>
    <subfield code="l">0</subfield>
    <subfield code="o">342.9 B587 v.3 7ed.</subfield>
    <subfield code="p">L126645</subfield>
    <subfield code="r">2026-04-07 15:57:17</subfield>
    <subfield code="w">2026-04-07</subfield>
    <subfield code="y">L</subfield>
  </datafield>
  <datafield tag="952" ind1=" " ind2=" ">
    <subfield code="0">0</subfield>
    <subfield code="1">0</subfield>
    <subfield code="4">0</subfield>
    <subfield code="7">0</subfield>
    <subfield code="a">BCEJYS</subfield>
    <subfield code="b">BCEJYS</subfield>
    <subfield code="c">16</subfield>
    <subfield code="d">2026-04-07</subfield>
    <subfield code="l">0</subfield>
    <subfield code="o">342.9 B587 v.4 7ed.</subfield>
    <subfield code="p">L126646</subfield>
    <subfield code="r">2026-04-07 15:57:17</subfield>
    <subfield code="w">2026-04-07</subfield>
    <subfield code="y">L</subfield>
  </datafield>
  <datafield tag="952" ind1=" " ind2=" ">
    <subfield code="0">0</subfield>
    <subfield code="1">0</subfield>
    <subfield code="4">0</subfield>
    <subfield code="7">0</subfield>
    <subfield code="a">BCEJYS</subfield>
    <subfield code="b">BCEJYS</subfield>
    <subfield code="c">16</subfield>
    <subfield code="d">2026-04-07</subfield>
    <subfield code="l">0</subfield>
    <subfield code="o">342.9 B587 v.5 7ed.</subfield>
    <subfield code="p">L126647</subfield>
    <subfield code="r">2026-04-07 15:57:17</subfield>
    <subfield code="w">2026-04-07</subfield>
    <subfield code="y">L</subfield>
  </datafield>
</record>
